| 000 | 00428nam a2200193Ia 4500 | ||
|---|---|---|---|
| 008 | 210210b1931 xxu||||| |||| 00| 0 eng d | ||
| 041 | _aeng | ||
| 082 | _a930/6 | ||
| 100 | _aBEVAN (E) | ||
| 245 | _aWorld of Greece and Rome | ||
| 260 |
_aLondon _bErnest Benn Limited _c1931 |
||
| 650 | _aWorld | ||
| 650 | _aRome | ||
| 650 | _aof | ||
| 650 | _aGreece | ||
| 650 | _aand | ||
| 690 | _aAncient History | ||
| 906 | _a024917 | ||
| 999 |
_c150548 _d150548 |
||